| 000 | 00601nam a2200193 4500 | ||
|---|---|---|---|
| 001 | 136539 | ||
| 003 | ES-MaACL | ||
| 005 | 20240825063040.0 | ||
| 007 | t| | ||
| 008 | 070214s1953 sp r ||||1| spa d | ||
| 100 | 1 |
_aRussell, Bertrand, _d1872-1970 _9101033 |
|
| 245 | 1 | 0 |
_aSatán en los suburbios / _cBertrand Russell ; [versión española de Luis Conde Vélez]. |
| 250 | _a1ª ed. | ||
| 260 |
_aBarcelona : _bLuis de Caralt, _c1953. |
||
| 300 |
_a192 p. ; _c20 cm. |
||
| 700 | 1 |
_aConde Vélez, Luis. _940133 |
|
| 852 |
_aES-MaACL _jC-10588 _bR.35544 |
||
| 999 |
_c136539 _d136539 |
||